000 00648nam a2200217Ii 4500
003 JO-AjNU
008 230606s9999||||xx |||||||||||||| ||und||
020 _a978-0-470-39223-2
040 _aJO-AjNU
_beng
_erda
_cJO-AjNU
041 _aeng
050 1 4 _aBF503.R44.2009
100 3 _aReeve,Johnmarshall,
_eauthor
_92260
245 0 0 _aUnderstanding Motivation and Emotion
250 _aFifth Edition
264 3 1 _aUSA:John Wiley andSons , 2009
300 _a581p
336 _atext
_btxt
_2rdacontent
337 _aunmediated
_bn
_2rdamedia
338 _avolume
_bnc
_2rdacarrier
650 4 _aMotivation-Emotions-Personalty and Motivation
_92261
999 _aE1183
_c1183
_d1183